| 000 | 00975nac a22003017a 4500 | ||
|---|---|---|---|
| 001 | BR8801478 | ||
| 003 | BR-BrBNA | ||
| 005 | 20240105120730.0 | ||
| 008 | 230509b bl.|||m| |||| 00| 0 por d | ||
| 040 |
_aBR-BrBNA _bpor _cBiblioteca Nacional de Agricultura |
||
| 072 | _aH20 | ||
| 090 | _a2480 BR8801478 | ||
| 100 | 1 | _aGasparotto, L. | |
| 100 | 1 | _aPereira, E.B.C. | |
| 100 | 1 | _aLim, T.M. | |
| 110 | 1 | _aCentro Nacional de Pesquisa da Seringueira e Dende, Manaus, AM (Brasil) | |
| 245 | 1 | _aOcorrencia de Corynespora cassiicola em seringueira no estado do Amazonas | |
| 260 | 3 |
_aManaus, AM (Brasil): _c1985. |
|
| 300 | _a2 p. | ||
| 490 |
_aComunicado Tecnico - Centro Nacional de Pesquisa da Seringueira e Dende (Brazil) _vno. 39 _xISSN 0101-2118 |
||
| 650 | _aSERINGUEIRA | ||
| 650 | _aMANCHA FOLIAR | ||
| 650 | _aFUNGICIDA | ||
| 650 | _aCONTROLE QUIMICO | ||
| 650 | _aAMAZONAS | ||
| 909 |
_a202312 _bLúcia Elande _c55 _dLúcia Elande |
||
| 942 |
_2AGRIS _n0 _cMS |
||
| 999 |
_c281135 _d281135 |
||